Právne a etické podmienky existencie dennej tlače na Slovensku v súčasnosti

Etické a právne podmienky existencie dennej tlače na Slovensku v súčasnosti. Diskusia o zodpovednosti, etických princípoch a  inštitútoch samoregulácie žurnalistickej profesijnej etiky. Právna úprava periodickej tlače z pohľadu administratívneho (správneho) práva, práva duševného vlastníctva, vlastn...

Description complète

Enregistré dans:
Détails bibliographiques
Auteur principal: Lincényi, Marcel
Format: Chapitre de livre
Langue:slovaque
Sujets:
Tags: Ajouter un tag
Pas de tags, Soyez le premier à ajouter un tag!

MARC

LEADER 00000nla a2200000 4500
001 0240887
005 20240417075132.3
041 0 |a slo 
044 |a SK 
245 1 0 |a Právne a etické podmienky existencie dennej tlače na Slovensku v súčasnosti  |c Marcel Lincényi 
520 |a Etické a právne podmienky existencie dennej tlače na Slovensku v súčasnosti. Diskusia o zodpovednosti, etických princípoch a  inštitútoch samoregulácie žurnalistickej profesijnej etiky. Právna úprava periodickej tlače z pohľadu administratívneho (správneho) práva, práva duševného vlastníctva, vlastníckeho práva a obmedzení v rámci krížového vlastníctva. 
610 2 0 |a právo 
610 2 0 |a etika 
610 2 0 |a tlač 
610 2 0 |a Slovensko 
610 2 0 |a prostriedky masovokomunikačné 
610 2 0 |a právo správne 
610 2 0 |a vlastníctvo duševné 
100 1 |a Lincényi, Marcel